Código 0 /

Tallennettuna:
Bibliografiset tiedot
Päätekijä: Islasáinz, Mario (autor)
Aineistotyyppi: Kirja
Kieli:espanja
Julkaistu: Guadalajara, México : Ediciones El Viaje, 2014, c2014
Sarja:(Caníbal)
Aiheet:
Tagit: Lisää tagi
Ei tageja, Lisää ensimmäinen tagi!

MARC

LEADER 00000nam^a2200000^a^4500
001 000394213
005 20250521000000.0
009 20260310121329.09
020 |a 978-607-9284-22-0 
037 |a Acervo ITESO - Biblioteca 
041 |a ESP 
082 |a 861.  |b ISL 
100 |a Islasáinz, Mario  |e (autor) 
245 1 0 |a Código 0 /  |c M. Islasáinz. 
264 4 |a Guadalajara, México :  |b Ediciones El Viaje,  |c 2014, c2014 
300 |a 71 p. 
336 |a texto  |b txt  |2 rdacontenido 
337 |a sin mediación  |b n  |2 rdamedio 
338 |a volumen  |b nc  |2 rdasoporte 
440 1 |a (Caníbal) 
521 |a EEnlace Centro de Promoción Cultural 2016 
649 |a XX 
650 |a Poesía Mexicana 
650 |a Literatura Mexicana -  |y Siglo XXI 
910 |a Fondo General 
920 |a Impresos - Libros 
930 |a Colección General 
940 |a Literatura 
905 |a 101 
901 |a 0500289200  |b IT1  |c LIT  |i C154949  |u 20250521 
902 |a https://opac.biblio.iteso.mx/vufind/Record/000394213